[Event "USA Championship Women 2021"]
[Site "Saint Louis"]
[Date "2021.10.07"]
[Round "2.3"]
[White "Zatonskih, Anna"]
[Black "Cervantes Landeiro, Thalia"]
[Result "1/2-1/2"]
[WhiteElo "2422"]
[BlackElo "2175"]
[Annotator "TA"]
[PlyCount "84"]
[EventDate "2021.10.06"]
[EventCountry "USA"]
[SourceTitle "playchess.com"]
[Source "ChessBase"]
[SourceQuality "1"]

{[%evp 11,84,-6,43,31,34,41,31,34,33,34,20,0,0,0,53,-9,-9,-18,0,-4,-2,0,0,0,-2,0,0,0,0,0,0,0,0,0,0,0,0,0,0,-4,0,0,0,0,0,0,0,0,0,0,0,0,0,0,0,0,0,0,0,0,0,0,0,0,0,0,0,0,0,0,0,0,0,0,0]} 1. Nf3 d5 2. d4 Nf6 3. c4 dxc4 4. Qa4+ Nbd7 5. Nc3 e6 6. e4 Be7 7. Bxc4 {D23: Queen's Gambit Accepted: 3 Nf3 Nf6 sidelines.} O-O 8. Qc2 c5 9. e5 {White is slightly better.} Nd5 10. Bxd5 exd5 11. Nxd5 cxd4 {Threatens to win with ...Qa5+.} 12. Qe4 Re8 {[#]} (12... f6 $11) 13. Nxe7+ $146 ({Worse is} 13. Qxd4 Bc5 $17) ({Don't go for} 13. Nxd4 $2 {[#]} Bb4+ $1 {[%mdl 512]} 14. Nxb4 Rxe5 $19) (13. O-O $14) ({Predecessor:} 13. O-O Nc5 14. Qxd4 Be6 15. Nxe7+ Qxe7 16. Bg5 Qf8 17. Rac1 Rec8 18. b4 Nd7 19. a4 {½-½ (36) Quinn,J (2104)-Johnson,D England 2013}) 13... Qxe7 $11 {The position is equal.} 14. Qxd4 Nxe5 15. Nxe5 Qxe5+ 16. Qxe5 Rxe5+ 17. Be3 Be6 18. O-O Rc8 19. Bxa7 Ra5 20. Bd4 Rxa2 21. Rac1 (21. Rxa2 {feels hotter.} Bxa2 22. Bc3 Rd8 23. Re1 f6 24. f3) 21... Rxc1 22. Rxc1 {[%mdl 4096] Endgame KRB-KRB} Ra4 23. Bc3 h5 (23... f6 {keeps more tension.} 24. f3 Kf7 25. Kf2 b5 26. Be1 Bc4) 24. f3 b5 25. b4 Ra2 26. Ra1 Rc2 27. Bd4 Rd2 28. Be3 Rb2 29. Bc5 g5 30. h3 g4 31. hxg4 hxg4 32. Ra8+ Kh7 33. Rh8+ {[%mdl 64] [#] Decoy} Kxh8 34. Bd4+ {[%mdl 64] Double Attack} Kh7 35. Bxb2 gxf3 36. gxf3 {KB-KB} Kg6 37. Kf2 Kf5 38. Bd4 Kf4 39. Be3+ Kf5 40. Bd4 Kf4 41. Be3+ Kf5 42. Bd4 Kf4 {Weighted Error Value: White=0.04/Black=0.06} 1/2-1/2

[Event "USA Championship Women 2021"]
[Site "Saint Louis"]
[Date "2021.10.07"]
[Round "2.4"]
[White "Foisor, Sabina-Francesca"]
[Black "Nemcova, Katerina"]
[Result "0-1"]
[WhiteElo "2205"]
[BlackElo "2331"]
[Annotator "TA"]
[PlyCount "112"]
[EventDate "2021.10.06"]
[EventCountry "USA"]
[SourceTitle "playchess.com"]
[Source "ChessBase"]
[SourceQuality "1"]

{[%evp 15,112,-6,8,10,1,8,0,0,28,31,22,17,18,23,23,10,17,18,31,19,22,2,0,-13,0,0,10,11,20,10,10,0,27,14,18,15,82,0,0,-23,0,0,0,-73,-67,-60,-49,-53,-39,-40,-42,-64,-65,-132,-122,-216,-214,-264,-278,-266,-120,-115,-83,-83,-81,-242,-238,-236,-237,-260,-254,-274,-274,-266,-251,-251,-245,-381,-359,-590,-579,-541,-556,-1490,-285,-1662,-929,-2007,-1741,-6714,-6714,-6207,-6238,-6179,-6179,-6091,-6089,-5616,-1114]} 1. d4 d5 2. c4 e6 3. Nc3 Nf6 4. Nf3 c6 5. e3 Nbd7 6. Qc2 Bd6 7. b3 O-O 8. Bb2 Qe7 9. Rd1 {D45: Semi-Slav: 5 e3.} b6 10. Bd3 Bb7 11. O-O {The position is equal.} Rfd8 (11... c5 {is more complex.} 12. dxc5 bxc5 13. h3 Rac8 14. Nh4 g6) 12. e4 {aiming for e5.} dxe4 13. Nxe4 Nxe4 14. Bxe4 Nf6 15. Bd3 {[#]} Ba3 $146 ({Predecessor:} 15... h6 16. Ne5 c5 17. dxc5 Bxc5 18. Qe2 Rac8 19. h3 Ba8 20. Ng4 Nxg4 21. Qxg4 Qg5 22. Qxg5 hxg5 {½-½ (36) Le,T (2326)-Nguyen,T (2274) Hanoi 2009}) 16. Ba1 Bb4 17. Qe2 a5 18. a4 Rd6 19. Bb2 Re8 20. Ng5 h6 21. Ne4 Nxe4 22. Qxe4 {Threatening mate with Qh7+.} f5 23. Qe5 Rdd8 24. Be2 Bd6 25. Qe3 Qc7 (25... c5 $11 {keeps the balance.}) 26. f4 (26. c5 $1 $16 {[%cal Rc5d6]} bxc5 27. dxc5 Bxh2+ 28. Kh1 Rxd1 29. Rxd1) 26... c5 $11 27. Kh1 Be4 28. Bd3 Bb7 29. Qf2 {[#]} (29. Be2 $11 {remains equal.}) 29... cxd4 $1 $17 30. Bxd4 Bc5 31. Bxc5 bxc5 32. Bc2 Rxd1 33. Bxd1 Rd8 34. Qe3 (34. Qe1 $15) 34... Be4 35. Bf3 (35. Be2 $17) 35... Rd3 $19 36. Qe1 Qxf4 37. Bxe4 {[#]} Qxe4 (37... Re3 $1 $19 {[%cal Re3e1]} 38. Qb1 Qxe4 39. Qxe4 fxe4) 38. Qxa5 $17 Rxb3 (38... Qe2 {is interesting.} 39. Qe1 Qxe1 40. Rxe1 Rxb3 41. Kg1 Kf7) 39. Qxc5 $19 {[%mdl 4096] Endgame KQR-KQR} Rb2 {[%csl Gb2][%cal Re4g2]} 40. Rg1 {White does not recover from this.} (40. Qg1 $17) 40... Rc2 41. a5 Rxc4 42. Qd6 Kh7 43. a6 Ra4 44. Qb6 Ra2 45. a7 f4 {White must now prevent ...f3.} 46. a8=Q (46. h3 {was worth a try.}) 46... Rxa8 47. Qf2 $2 (47. Qb3) 47... Ra3 48. Rf1 Re3 49. h3 Rxh3+ 50. Kg1 Rg3 {Black is clearly winning.} 51. Rd1 Qe3 52. Re1 Qxf2+ 53. Kxf2 Re3 54. Ra1 Kg6 55. Ra5 Kf6 56. Ra8 e5 {Weighted Error Value: White=0.65/Black=0.09} 0-1

[Event "USA Championship Women 2021"]
[Site "Saint Louis"]
[Date "2021.10.07"]
[Round "2.5"]
[White "Eswaran, Ashritha"]
[Black "Paikidze, Nazi"]
[Result "1/2-1/2"]
[WhiteElo "2244"]
[BlackElo "2374"]
[Annotator "TA"]
[PlyCount "94"]
[EventDate "2021.10.06"]
[EventCountry "USA"]
[SourceTitle "playchess.com"]
[Source "ChessBase"]
[SourceQuality "1"]

{[%evp 13,94,14,27,27,16,27,25,32,45,43,44,20,41,25,22,8,45,18,17,11,39,27,47,54,41,33,40,44,46,18,20,19,45,39,40,6,0,-3,-3,-6,-4,-12,-9,-23,-23,-20,-18,-25,0,0,0,0,0,0,0,0,0,0,0,0,0,0,0,0,0,0,0,0,0,0,0,0,0,0,0,0,0,0,0,0,0,0,0]} 1. e4 c6 2. Nc3 d5 3. Nf3 Bg4 4. h3 Bxf3 5. Qxf3 e6 6. Be2 Nf6 7. O-O Nbd7 8. d4 {B11: Caro-Kann: Two Knights Variation.} dxe4 9. Nxe4 Nxe4 10. Qxe4 {White has an edge.} g6 11. c4 Bg7 12. Rd1 O-O {[#]} 13. Bf4 $146 ({Predecessor:} 13. Bd2 Qc7 14. Qh4 c5 15. Bh6 Bf6 16. Qe4 Rfe8 17. Be3 cxd4 18. Bxd4 e5 19. Be3 {1-0 (40) Antonio,R (2427)-Filipovich,D (2050) Bucharest 2019}) 13... Re8 14. Qe3 Qa5 15. Qd2 (15. Bd6 {with more complications.} Qb6 16. Rab1 a5 17. b3 Nf6 18. Be5) 15... Qxd2 16. Rxd2 Rac8 17. Rc1 Nf8 18. Be3 a6 19. Bf3 f5 20. b4 Nd7 21. Rdd1 Nf6 22. a4 Bf8 23. Rb1 b5 24. cxb5 cxb5 25. Bb7 Rb8 26. Bc6 Rec8 27. axb5 axb5 28. d5 Nxd5 29. Bxd5 exd5 30. Rxd5 Rc4 31. Bc5 {The position is equal.} Bxc5 32. Rxc5 Rxc5 33. bxc5 $11 {[%mdl 4096] Endgame KR-KR} b4 34. c6 Rc8 35. Rxb4 Rxc6 36. Rb7 Rf6 37. Kh2 Rf7 38. Rxf7 Kxf7 {K3P-K3P} 39. Kg3 Kf6 40. f4 Ke6 41. Kh4 {[#] Strongly threatening Kg5.} h6 42. g4 fxg4 43. hxg4 Kf6 44. Kg3 g5 45. fxg5+ Kxg5 46. Kf3 h5 47. gxh5 Kxh5 {Weighted Error Value: White=0.06/Black=0.06} 1/2-1/2

[Event "USA Championship Women 2021"]
[Site "Saint Louis"]
[Date "2021.10.07"]
[Round "2.6"]
[White "Sharevich, Anna"]
[Black "Krush, Irina"]
[Result "1/2-1/2"]
[WhiteElo "2276"]
[BlackElo "2429"]
[Annotator "TA"]
[PlyCount "178"]
[EventDate "2021.10.06"]
[EventCountry "USA"]
[SourceTitle "playchess.com"]
[Source "ChessBase"]
[SourceQuality "1"]

{[%evp 9,178,-14,19,7,6,4,14,13,39,27,36,0,0,0,0,0,0,0,0,0,0,0,0,0,0,-6,-2,-36,-29,-21,-35,-29,-16,-52,-46,-51,-50,-60,-56,-60,-56,-59,-23,-24,-24,-24,-25,-22,-26,-28,-26,-40,-50,-41,-41,-39,-33,-54,-27,-32,-23,-25,-7,-31,-32,-37,0,0,0,-37,-37,-54,-54,-54,-54,-54,-54,-67,-37,-35,-14,-81,-81,-127,-48,-49,-35,-50,-40,-131,-102,-133,-67,-82,-43,-133,-133,-133,-81,-218,-101,-196,-191,-278,-216,-317,-242,-254,-237,-257,-250,-237,-242,-197,-190,-258,-248,-429,-411,-356,-195,-204,-197,-196,-8,-8,-8,-46,-8,-8,-8,-8,-8,-8,0,-8,-8,-14,0,0,0,0,0,0,0,0,0,0,0,0,0,0,0,0,0,0,0,0,0,0,0,0,0,0,0,0,0,0,0,0,0]} 1. d4 d5 2. Bf4 Nf6 3. e3 c5 4. Nd2 Nc6 5. Ngf3 Bg4 6. Bb5 {D00: 1 d4 d5: Unusual lines.} e6 7. c3 Qb6 8. Qa4 Nd7 9. Ne5 Ndxe5 10. Bxe5 {Black must now prevent dxc5.} (10. dxc5 {is interesting.} Nd3+ 11. Bxd3 Qxb2 12. Rb1 Qxc3 13. Ba6) 10... a6 11. Bxc6+ Qxc6 12. Qxc6+ bxc6 13. dxc5 f6 14. Bd6 Bxd6 15. cxd6 Kd7 16. f3 {[#]} Bh5 $146 ({Predecessor:} 16... Bf5 17. e4 Bg6 18. O-O-O Kxd6 19. Rhe1 e5 20. Nc4+ Kc5 {0-1 (37) Swayams,M (2432)-Raja,R (2431) Bucharest 2019}) 17. Ke2 Kxd6 18. c4 Rhb8 19. b3 a5 20. Rhd1 a4 21. cxd5 cxd5 22. Rac1 axb3 23. axb3 Ra2 24. Kf1 Be8 25. Ne4+ Kd7 26. Nc5+ Ke7 27. e4 dxe4 28. Nxe4 Ra7 29. Rc3 Bg6 30. Nc5 e5 31. Kf2 Bf7 32. Rcd3 Be8 33. g4 Rc7 34. Rc3 Bf7 35. Rdc1 Bd5 36. Ke3 Rb4 37. Rd1 Bb7 38. Rdc1 Bd5 39. Rd1 Bf7 40. Kf2 h5 41. h3 h4 42. Ra1 Rd4 43. Rac1 Bd5 44. Nd3 Rd7 45. Nc5 (45. Ke3 $11) 45... Ra7 $17 46. Nd3 Ra3 ({Black should play} 46... Ra2+ $17 47. Ke3 Rh2) 47. Ke3 $1 $15 Kd6 (47... Bxb3 $2 48. Rb1 $18) 48. b4 Ra2 49. b5 (49. Rc8 $15) 49... Rh2 $36 {[%mdl 2048] Black is in control.} 50. Nf2 Rb4 (50... Rg2 $17 51. Ne4+ Bxe4 52. fxe4 Rg3+ 53. Kf2 Rxc3 54. Rxc3 Rxe4 55. Rc6+ Kd5) 51. Ra1 Rxb5 {Threatens to win with ...Rb2.} 52. Ra6+ (52. Ne4+ $15 Bxe4 53. Ra6+ Kd7 54. Kxe4) 52... Kd7 $1 53. Ra7+ Rb7 ({Black should try} 53... Bb7 54. Raa3 (54. Ne4 $2 Rxh3 55. Nc5+ Rxc5 $17) 54... g6 55. Rd3+ Ke6) 54. Ra5 {[#]} (54. Rxb7+ $17 {might work better.} Bxb7 55. Ra3) 54... Be6 (54... Rb2 $1 $19 55. Rxd5+ Ke6) 55. Nd3 (55. Rca3 $17 {is a better defense.}) 55... Ke7 56. Ra6 (56. Rca3 $142) 56... Bd7 $19 ({Not} 56... Rxh3 57. Rxe6+ $1 Kf7 58. Rec6 $16) 57. g5 (57. Rca3 $142) 57... Rxh3 ({Much less strong is} 57... Bxh3 58. gxf6+ gxf6 59. Rcc6 $19) 58. gxf6+ gxf6 59. Nc5 Rc7 60. Ne4 Rxc3+ 61. Nxc3 {[%mdl 4096] Endgame KRB-KRN} Be6 62. Ra7+ (62. Ne4 $142) 62... Kf8 $1 {...Bg4 is the strong threat.} 63. Ra6 $2 (63. Ne4 Bg4 64. Nd2) 63... Kf7 64. Ne4 Rh1 (64... Rh2 $142 65. Ra8 Rg2) 65. Ra7+ Kg6 {And now ...h3 would win.} 66. Ra6 {[#]} Bf7 $2 (66... Re1+ $1 $19 67. Kf2 {[#]} Re2+ $3 {[%mdl 512]} 68. Kg1 Bd5 69. Rxf6+ Kg7) 67. Rxf6+ $11 Kg7 {Hoping for ...Re1+.} 68. Rb6 Rg1 {With the idea ...h3.} 69. Kf2 {The position is equal.} Rg6 70. Rb5 h3 {aiming for ...Rg2+.} 71. Ng3 Kf6 72. Rb6+ Be6 73. Rb8 Bd5 74. Rh8 Be6 75. Rh5 Rg8 76. Ne4+ Ke7 (76... Kg6 {with more complications.} 77. Rg5+ Kh6 78. Rxg8 Bxg8 79. Kg3 Be6) 77. Ng5 (77. Rxe5 {is interesting.} Rg2+ 78. Ke3 h2 79. Rh5 Bc8 80. Nf2) 77... Bf7 (77... Bf5 {is more complex.} 78. Nxh3 Kf6 79. Rh6+ Bg6 80. Ke3 Kg7) 78. Nxf7 Kxf7 79. Rxh3 {KR-KR} Ke6 80. Ke3 Kd5 81. Rh1 Ra8 82. Rd1+ Ke6 83. Rd3 Ra4 84. Rd8 Ra3+ 85. Ke4 Ra4+ 86. Ke3 Ra3+ 87. Ke4 $1 Ra4+ 88. Ke3 Ra3+ 89. Ke4 $1 Ra4+ {Whites escaped into a draw.  Weighted Error Value: White=0.19/Black=0.13} 1/2-1/2

[Event "USA Championship Women 2021"]
[Site "Saint Louis"]
[Date "2021.10.08"]
[Round "3.1"]
[White "Cervantes Landeiro, Thalia"]
[Black "Foisor, Sabina-Francesca"]
[Result "1-0"]
[WhiteElo "2175"]
[BlackElo "2205"]
[Annotator "TA"]
[PlyCount "165"]
[EventDate "2021.10.06"]
[EventCountry "USA"]
[SourceTitle "playchess.com"]
[Source "ChessBase"]
[SourceQuality "1"]

{[%evp 9,165,22,21,22,21,12,18,15,23,5,18,6,22,22,27,22,21,22,21,27,39,3,34,0,0,0,0,0,0,0,0,0,16,10,20,22,23,20,35,33,74,74,89,89,89,89,257,249,233,234,253,250,287,291,297,289,283,287,281,281,285,268,307,130,568,143,122,129,137,0,385,377,386,382,367,360,566,552,881,885,929,887,884,830,646,646,971,970,855,892,911,840,1517,719,598,0,1490,1499,1520,1397,1857,1242,1822,1683,2019,1990,1718,1758,1704,1681,1600,1499,1441,1383,1383,830,29971,29971,29968,12628,29974,29975,29976,29976,29977,29977,29977,29976,29976,29977,29976,29977,29977,29978,29978,29979,29978,29980,29980,29981,29981,29981,29982,29983,29983,29984,29984,29985,29985,29986,29986,29987,29987,29988,29988,29989,29989,29990]} 1. d4 d5 2. c4 e6 3. Nc3 a6 4. cxd5 exd5 5. Bf4 Nf6 6. e3 {D31: Queen's Gambit Declined: Semi-Slav without ...Nf6 (+ Marshall Gambit and Noteboom) and Exchange Variation lines without ...Nf6.} Bd6 7. Bg5 $1 {[%mdl 4] is now more promising than 7.Bxd6.} Be6 8. Bd3 {The position is equal.} Nbd7 9. Qc2 h6 10. Bh4 c6 {[#]} 11. Nge2 $146 ({Predecessor:} 11. f4 Nb6 12. Nf3 Qc7 13. Bxf6 gxf6 14. O-O O-O-O 15. Rab1 c5 16. Kh1 Kb8 17. a4 {½-½ (56) Chan,N (2004)-Kusenkova,N (2211) Antalya 2019}) 11... Qc7 12. Bg3 Bxg3 13. Nxg3 O-O 14. O-O Qd6 15. Na4 Rfe8 16. Nc5 Nxc5 17. dxc5 Qe5 18. h3 Rad8 {[%cal Ba8d8,Bd8d5,Bd5g5][%mdl 32]} 19. Ne2 Bc8 20. Nd4 Ne4 21. Bxe4 dxe4 22. Ne2 Rd5 23. b4 Qe7 24. Rad1 Rg5 25. Nf4 Re5 26. Rd6 Be6 27. Rfd1 Kh7 $2 (27... Bf5 $16 {might work better.}) 28. Nxe6 $18 Rxe6 29. Rd7 Qg5 30. Rxf7 Rg6 {[%csl Gg6][%cal Rg5g2]} 31. g3 Qh5 32. Rdd7 (32. Rxb7 $6 Qxh3 33. Rf7 h5 $16) 32... Qxh3 33. Qb2 {[%cal Rf7g7]} (33. Rxb7 Rd8 $11) 33... Qg4 {and the idea ...h5 leaves Black hopeful.} 34. Qd4 (34. Rxb7 Rd8 $16) 34... h5 {[#]} 35. Rf4 $1 {[%cal Rf4g4]} (35. Rxb7 h4 $16) 35... Qh3 36. Rd8 (36. Rxb7 $18 {has better winning chances.} h4 37. Qd7 {[%mdl 64] Overworked Piece} (37. Rxe4 Rxe4 38. Qxe4 hxg3 $11) 37... Qxd7 38. Rxh4+ (38. Rxd7 hxg3 39. Ra7 Rd8 $16) 38... Rh6 39. Rxd7) 36... Ree6 $2 {[%mdl 8192]} (36... Rxd8 $16 37. Qxd8 Qe6) 37. Rd6 $2 (37. Qd7 $18 {and the rest is easy. Qc8! is the strong threat.} Rg4 38. Rff8 (38. Qxb7 $2 Rxf4 39. Rh8+ Kxh8 $19) 38... Rxg3+ 39. fxg3 Qxg3+ 40. Kf1 Qh3+ 41. Ke1 Qxe3+ 42. Kd1) 37... Rxd6 $16 38. cxd6 {[%mdl 4096] Endgame Hoping for d7. KQR-KQR} Qd7 39. Rf7 Qxd6 $2 {[%mdl 8192] [#] Black is on the road to losing.} (39... Qxf7 $11 {and Black stays safe.} 40. d7 Qf3) 40. Rxg7+ $3 $18 {[%mdl 512]} Kh6 {intending ...Qxd4.} 41. Qxd6 Rxd6 42. Rxb7 {KR-KR} Rd1+ (42... Rd2 $142 43. a3 Ra2) 43. Kg2 Ra1 44. Rb6 Rxa2 45. Rxc6+ Kg5 46. Rc5+ Kg4 47. Re5 Ra4 48. Rxe4+ Kf5 49. Rh4 Kg5 50. Kf3 Kg6 51. Rc4 (51. g4 $142 hxg4+ 52. Rxg4+ Kf6 53. Rf4+ Kg5 54. Rd4) 51... Kf7 52. Rh4 (52. Rc6 $142 Rxb4 53. Rxa6) 52... Kg6 53. g4 hxg4+ 54. Rxg4+ Kf5 55. Rh4 Ke6 56. Rh5 Rxb4 57. Rh6+ Kf5 58. Rxa6 Rb5 59. e4+ Kg5 60. Ra3 Rc5 61. Rd3 Rc2 62. Rd5+ Kh4 63. Ke3 Ra2 64. f3 Ra8 65. Kf4 {White mates.} Rf8+ 66. Rf5 Ra8 67. Rf7 {[%cal Rf7h7]} Kh3 68. Kf5 Kg3 69. f4 Ra4 70. Rb7 Ra8 71. Rb3+ Kh4 72. Rb6 Kg3 73. e5 Rf8+ 74. Rf6 Ra8 75. Kg6 Kg4 76. e6 Ra7 77. Rf7 Ra6 78. f5 Kf4 79. Kg7 Ke5 80. e7 Ra8 81. Rf8 Ra7 82. f6 Ke6 83. Kg6 {Weighted Error Value: White=0.38/Black=0.52} 1-0

[Event "USA Championship Women 2021"]
[Site "Saint Louis"]
[Date "2021.10.08"]
[Round "3.2"]
[White "Abrahamyan, Tatev"]
[Black "Zatonskih, Anna"]
[Result "1-0"]
[WhiteElo "2344"]
[BlackElo "2422"]
[Annotator "TA"]
[PlyCount "93"]
[EventDate "2021.10.06"]
[EventCountry "USA"]
[SourceTitle "playchess.com"]
[Source "ChessBase"]
[SourceQuality "1"]

{[%evp 14,93,35,12,17,21,20,0,0,0,0,0,12,9,10,0,4,0,-6,-63,-62,-82,0,0,0,0,0,-43,-41,-53,-41,-70,-56,-77,0,0,0,-27,0,0,0,0,22,0,24,0,0,14,4,-2,0,-8,30,24,39,33,84,84,92,85,92,85,85,85,85,84,84,88,84,80,81,67,64,81,659,663,651,637,808,807,771,678]} 1. Nf3 Nf6 2. g3 d5 3. Bg2 g6 4. b3 Bg7 5. Bb2 O-O 6. O-O a5 7. c4 c6 8. d3 {8.Nc3 is more fashionable.} Re8 {A11: English Opening: 1...c6.} 9. Nbd2 Nbd7 10. Rc1 e5 {The position is equal.} 11. cxd5 cxd5 12. e4 {[#]} dxe4 $146 ({Predecessor:} 12... d4 13. Nc4 Bf8 14. a4 b6 15. Ne1 Nc5 16. f4 Bg4 17. Nf3 exf4 18. gxf4 Bh6 {0-1 (49) Manafov,V (2245)-Nguyen,H (1996) Porto Carras 2018}) 13. dxe4 b5 14. Qc2 Ba6 15. h3 Bh6 16. Qb1 (16. Rfd1 $11) 16... Qb6 $15 17. Rcd1 Nh5 ({Black should try} 17... Rad8 $17) 18. Rfe1 $1 $11 Rad8 {Strongly threatening ...Nxg3.} 19. Nf1 b4 20. Ne3 (20. Rd5 {seems wilder.} Nhf6 21. Rdd1 Bb7 22. N1d2 Ba6 23. Nf1) 20... Bxe3 21. Rxe3 f6 22. Nd2 Nc5 23. Bf1 Bb7 ({Better is} 23... Bxf1 $17 24. Nxf1 Ng7) 24. Nc4 Qc7 25. Bg2 Ng7 26. Ree1 Nge6 27. Ne3 Qf7 28. Qc2 Ba6 {next ...Nd3 is good for Black.} 29. Nd5 Rc8 $1 30. Qb1 Nc7 $1 31. Nxc7 Rxc7 32. Bc1 Ne6 {[%cal Bc5e6,Be6d4,Bd4b5,Bb5c3][%mdl 32]} 33. Be3 Rd7 34. Rd5 Rxd5 (34... Nd4 $14) 35. exd5 $16 Nd4 36. Qd1 Nb5 37. Bb6 {Threatens to win with d6.} Nc3 38. Qd2 Bb7 {[%cal Rb7d5] [#]} 39. d6 $36 {[%mdl 2048] White is on the roll.} ({Much worse is} 39. Bxa5 $6 Bxd5 40. Bxd5 (40. Bxb4 Bxg2 41. Qxc3 Bxh3 $11) 40... Qxd5 $11) 39... Bxg2 40. d7 Bxh3 41. dxe8=Q+ Qxe8 42. Kh2 Be6 43. Bxa5 Bd5 $2 {[%mdl 8192] Loses the game.} (43... g5 $16 44. Qd8 (44. Bxb4 $2 Qh5+ 45. Kg1 Bd5 $17) 44... Qxd8 45. Bxd8 Kf7) 44. Bxb4 $18 {White is clearly winning.} g5 45. g4 Qg6 {[#] ( -> ...Qh6+)} 46. Qxc3 {Threatening mate with Qc8+.} Qh6+ 47. Qh3 {Weighted Error Value: White=0.09/Black=0.31} 1-0

[Event "USA Championship Women 2021"]
[Site "Saint Louis"]
[Date "2021.10.08"]
[Round "3.3"]
[White "Lee, Megan"]
[Black "Yip, Carissa"]
[Result "1/2-1/2"]
[WhiteElo "2211"]
[BlackElo "2402"]
[Annotator "TA"]
[PlyCount "67"]
[EventDate "2021.10.06"]
[EventCountry "USA"]
[SourceTitle "playchess.com"]
[Source "ChessBase"]
[SourceQuality "1"]

{[%evp 22,67,19,19,29,32,30,33,35,12,12,1,21,0,11,0,0,0,0,-23,0,0,33,39,83,50,80,75,70,67,95,89,91,0,84,89,104,78,82,0,94,94,134,81,81,0,79,0]} 1. e4 c5 2. Nf3 d6 3. Bb5+ Bd7 4. Bxd7+ Qxd7 5. O-O Nc6 6. c3 Nf6 7. d4 e6 8. Qe2 cxd4 9. cxd4 d5 10. e5 Ne4 11. Be3 Be7 12. Ne1 {[#] Threatens to win with f3.} f5 {B52: Sicilian: Moscow Variation with 3...Bd7.} 13. f3 Ng5 14. Nd3 O-O {White is slightly better.} 15. Nd2 {15.Qd2 is setting a new trend.} Nf7 16. Rfc1 b6 {[#]} 17. a3 $146 ({Predecessor:} 17. Rc3 Rfc8 18. Rac1 Nb4 19. Nxb4 Bxb4 20. Rxc8+ Rxc8 21. Rxc8+ Qxc8 22. Qb5 Be7 23. Nb1 {½-½ (42) Dueckstein,A (2335)-Wittmann,W (2385) Wolfsberg 1985}) 17... a5 18. Rc3 Rfc8 19. Rac1 Nfd8 20. g4 fxg4 21. fxg4 Nf7 22. Nf3 Bd8 23. Kg2 Na7 24. h4 Rxc3 25. Rxc3 Nc6 26. Nf4 Ne7 27. Nd3 (27. Bd2 $16) 27... a4 (27... Nc6 $1 $11) 28. Qc2 $16 Qb5 29. Nf4 Qd7 30. Nd3 (30. Qd3 $16) 30... Rb8 (30... Qb5 $1 $11 {remains equal.}) 31. Kh3 Qe8 32. Nf4 (32. Bg5 $142) 32... Qd7 33. Nd3 ({White should play} 33. Bd2 $16) 33... Ra8 (33... Qe8 $1 $11) 34. Kg2 {Weighted Error Value: White=0.20/Black=0.31} (34. Bd2 $16) 1/2-1/2

[Event "USA Championship Women 2021"]
[Site "Saint Louis"]
[Date "2021.10.08"]
[Round "3.4"]
[White "Krush, Irina"]
[Black "Tokhirjonova, Gulrukhbegim"]
[Result "1/2-1/2"]
[WhiteElo "2429"]
[BlackElo "2322"]
[Annotator "TA"]
[PlyCount "102"]
[EventDate "2021.10.06"]
[EventCountry "USA"]
[SourceTitle "playchess.com"]
[Source "ChessBase"]
[SourceQuality "1"]

{[%evp 27,102,11,17,11,0,0,0,0,12,0,0,0,0,-16,-27,-12,-19,-25,0,-37,-23,-27,-27,-85,-95,-89,0,-72,-61,-70,-61,-66,-75,-118,-72,-66,-70,-145,-143,-137,-120,-109,-8,-8,-8,-8,0,0,0,-206,0,0,0,0,0,0,0,0,0,0,0,0,0,0,0,0,0,-8,0,0,0,-8,0,0,0,-12,0]} 1. c4 Nf6 2. Nc3 d5 3. cxd5 Nxd5 4. d4 g6 5. e4 Nxc3 6. bxc3 Bg7 7. Bc4 c5 8. Ne2 Nc6 9. Be3 O-O 10. O-O b6 11. Rc1 cxd4 12. cxd4 Bb7 13. Qd2 $1 {13.Qd2 scores better than 13.f3.} Na5 14. Bd3 Qd7 15. h4 {D88: Exchange Grünfeld: Classical Line: 10 Be3 cxd4 11 cxd4.} Rfc8 16. h5 Rxc1 17. Rxc1 Rc8 18. h6 Bf8 {[#]} 19. f3 $146 ({Predecessor:} 19. d5 Rxc1+ 20. Qxc1 e6 21. Qc3 exd5 22. Bc1 Qc6 23. Qe5 Qd6 24. Qc3 f6 25. Bf4 {0-1 (32) Svensson,S (2062)-Escher,H (2120) Rogaska Slatina 2012}) 19... e6 20. Ng3 Rxc1+ 21. Qxc1 Nc6 22. Qb2 Qd6 23. Nf1 Qa3 24. Qxa3 Bxa3 25. Ng3 (25. Nd2 $11) 25... Nb4 $17 26. Bc4 Bc6 (26... Nc2 $17 27. Nf1 Bf8) 27. Bd2 (27. Ne2 $11 {remains equal.}) 27... b5 28. Bb3 a5 29. d5 $1 {And now Bxb4 would win.} Bd7 $1 30. dxe6 Bxe6 (30... fxe6 {keeps more tension.} 31. e5 a4 32. Bxb4 Bxb4 33. Bc2 Bc6) 31. Bxe6 fxe6 32. Bxb4 (32. Kf2 $15) 32... Bxb4 {[%mdl 4096] Endgame KB-KN} 33. Kf2 Bf8 34. Ke3 {[#]} a4 ({Don't play} 34... Bxh6+ $6 35. Kd4 $11) ({Better is} 34... e5 $1 $17) 35. Ne2 $11 b4 {With the idea ...a3.} 36. Kd3 Bxh6 37. Kc4 Bf8 38. Nd4 $2 {[#]} (38. e5 $1 $11) 38... Bg7 $2 (38... b3 $1 $19 {[%cal Rb3b2] aiming for ...b2.} 39. axb3 a3) 39. Nc2 {The position is equal.} ({Don't go for} 39. Nxe6 $2 b3 $19) 39... b3 {[%cal Rb3c2]} 40. axb3 axb3 41. Kxb3 Kf7 42. Kc4 Be5 43. Kd3 h5 44. Ke3 g5 45. Nb4 Kf6 46. Nc6 Bc7 47. Ke2 Bb6 48. Kf1 Bc7 49. Ke2 Bb6 50. Kf1 Bc7 51. Ke2 Bb6 {Weighted Error Value: White=0.22/Black=0.18} 1/2-1/2